000 00414nam a2200181Ia 4500
001 4714
005 20260306145816.0
008 260306t2008||||xx |||||||||||||| ||spa||
041 _aESP
082 _a330.01
_bF49 2008
100 _aFigueroa, Adolfo
_eAUT
245 0 _aNuestro mundo social
260 _c2008
300 _a292 páginas :
_ccm.
650 _aGEN
654 _aCAN
942 _cLIB
_dJUS
_fJUS
_2ddc
_n
999 _c4714
_d4714